Normal view
MARC view
Entry Personal Name
001 - CONTROL NUMBER
- control field: 11302
003 - CONTROL NUMBER IDENTIFIER
- control field: OSt
005 - DATE AND TIME OF LATEST TRANSACTION
- control field: 20161117130129.0
008 - FIXED-LENGTH DATA ELEMENTS
- fixed length control field: 161117|| aca||aabn | a|a d
040 ## - CATALOGING SOURCE
- Original cataloging agency: OSt
- Transcribing agency: OSt
100 ## - HEADING--PERSONAL NAME
- Personal name: Goodman, Louis Sanford,[at.....al]
670 ## - SOURCE DATA FOUND
- Source citation: Work cat.: (OSt)889: Goodman, Louis Sanford,[at.....al], Goodman & Gilman's the pharmacological basis of therapeutics., c2006.
